Statistiques concernant Valorant

Cliquez ici pour prendre le quiz!

Statistiques générales

  • Ce quiz a été pris 376 fois
  • Le résultat moyen est 12 sur 15

Statistiques - réponses

HintRéponse% Correct
azeraze
99%
phercypher
98%
ettjett
97%
joykilljoy
94%
ruyoru
88%
nareyna
85%
achbreach
84%
onebrimstone
82%
traastra
81%
enomen
78%
yokayo
75%
perviper
73%
onneon
72%
vasova
72%
berchamber
69%

Distribution des résultats

Percentile par nombre de réponses

% des personnes avec chaque résultat

Votre développement - résultats

Vous n’avez pas pris ce quiz